| 000 | 00871nas a2200265 4500 | ||
|---|---|---|---|
| 001 | BR0808790 | ||
| 003 | BR-BrBNA | ||
| 005 | 20231205112601.0 | ||
| 007 | ta | ||
| 008 | 230509b bl.|||p| |||| 00| 00por d | ||
| 040 |
_aBR-BrBNA _bpor _cBiblioteca Nacional de Agricultura |
||
| 041 | _a(Pt) | ||
| 072 | _aC20; E14 | ||
| 100 | 1 | _aDias, C.E. do A. | |
| 100 | 1 | _aFert Neto, J. | |
| 100 | 1 | _aComunello, F.J. | |
| 100 | 1 | _aSavian, M. | |
| 245 | 1 | _aEnfoques metodologicos paricipativos e agroecologia na politica nacional de assistencia tecnica e extensão rural | |
| 650 | _aASSISTENCIA TECNICA | ||
| 650 | _aEXTENSÃO RURAL | ||
| 650 | _aPOLITICA DE DESENVOLVIMENTO | ||
| 773 | 0 |
_tRevista de Ciências Agroveterinárias (Brazil) _xISSN 1676-9732 _g(Jan-Jul 2008), v. 7(1) p. 48-53 _wBR0808790 |
|
| 909 |
_a202311 _bLúcia _c55 _dLúcia Elande |
||
| 942 |
_2AGRIS _n0 _cANA |
||
| 999 |
_c198796 _d198796 |
||